| 000 | 00627nam a2200193Ia 4500 | ||
|---|---|---|---|
| 003 | GCL | ||
| 008 | 140319s9999 xx 000 0 ara d | ||
| 040 |
_aGCL / _cGCL |
||
| 082 | 0 | 4 |
_a327.5 _bص ا |
| 100 | 1 | _aصالح حسن سميع | |
| 245 | 1 | 0 |
_aازمةالحرية السياسية فى الوطن العربى (دراسة علمية موثقة) / _cصالح حسن سميع |
| 260 |
_a[S.N] : _bالزهراء للاعلام العربى ، _c1988 |
||
| 300 | _a731 ص | ||
| 490 | _a | ||
| 650 | 0 | 4 | _aالحقوق السياسية |
| 650 | 0 | 4 | _aالوطن العربى |
| 650 | 0 | 4 | _aالحرية |
| 942 |
_2ddc _cBK |
||
| 999 |
_c44924 _d44924 |
||